| 000 | 00675nam a22002055a 4500 | ||
|---|---|---|---|
| 008 | 150706t2012 pauo fr 000 0 eng d | ||
| 020 | _a9780803625402 | ||
| 040 |
_aEG-ScBUE _beng _dEG-ScBUE |
||
| 082 | 0 | 4 |
_a610.73 _bWIL _222 |
| 100 | 1 |
_aWilkinson, Judith M., _d1946- _920324 |
|
| 245 | 1 | 0 |
_aPocket nursing skills : _bwhat you need to know now / _cJudith M. Wilkinson, Lesie S. Treas. |
| 260 |
_aPhiladelphia : _bF. A. Davis Company, _cc.2012. |
||
| 300 |
_avii, 280 p. : _bphotographs ; _c10 cm. |
||
| 650 | 7 |
_aNursing _2BUEsh _912117 |
|
| 651 | _2BUEsh | ||
| 653 |
_bNNUR _cJuly2015 |
||
| 655 |
_vreading book _934232 |
||
| 700 | 1 | _aTreas, Lesie S. | |
| 942 |
_2ddc _k610.73 WIL |
||
| 999 |
_c20253 _d20225 |
||